| 000 | 01378nam a2200277 a 4500 | ||
|---|---|---|---|
| 003 | BD-DhJNU | ||
| 005 | 20251222042748.0 | ||
| 008 | 251108s2023 bg |||g |||| 000 1|ben|d | ||
| 020 | _a9789849749240 | ||
| 040 |
_aBD-DhJNU _bben _cBD-DhJNU _dBD-DhJNU |
||
| 041 | _aben | ||
| 082 |
_a891.44309 ISB _223 |
||
| 100 | _aইসলাম, এম. এম. রিজাউল | ||
| 242 | 1 | 0 |
_ahe linguistic style of five novelists of Bangladesh / _cM. M. Rezaul Islam |
| 245 | 1 | 0 |
_aবাংলাদেশের পাঁচজন ঔপন্যাসিকের ভাষাশৈলী / _cএম. এম. রিজাউল ইসলাম |
| 246 | _aBangladesher panchjon oupannashiker bhashashaili | ||
| 250 | _a1st ed. | ||
| 260 |
_aঢাকা : _bমাদার'স পাবলিকেশন্স, _c2023. |
||
| 300 |
_a৩১২ পৃ. : _bচিত্র ; _c২২ সেমি.। |
||
| 504 | _aগ্রন্থপঞ্জিগত নির্দেশিকা ও নিঘন্ট অন্তভূক্ত | ||
| 650 | _aবাংলা সাহিত্যসমালোচনা | ||
| 650 | _aBengali literary criticism | ||
| 650 | _aঔপন্যাসিকদের ভাষাশৈলী--Language style in novels | ||
| 700 | a |
_aহক, মুহম্মদ এনামুল _eযুগ্ম-লেখক |
|
| 942 | _cBK | ||
| 999 |
_c2456 _d2456 |
||